SEZ Dolný Kubín výročná správa 2001

Guardado en:
Detalles Bibliográficos
Formato: Libro
Lenguaje:eslovaco
Publicado: Dolný Kubín SEZ [2002]
Materias:
Etiquetas: Agregar Etiqueta
Sin Etiquetas, Sea el primero en etiquetar este registro!

MARC

LEADER 00000nam$a2200000$$$4500
001 0003919
005 20240108123841.6
041 0 |a slo 
044 |a SK 
245 1 0 |a SEZ Dolný Kubín  |b výročná správa 2001 
264 1 |a Dolný Kubín  |b SEZ  |c [2002] 
300 |a 68 s. 
610 2 0 |a elektrotechnika 
610 2 0 |a priemysel strojársky 
610 2 0 |a výrobky 
610 2 0 |a stroje 
610 2 0 |a výskum 
610 2 0 |a výroba 
610 2 0 |a obchod 
610 2 0 |a služby 
610 2 0 |a reklama 
610 2 0 |a nehnuteľnosti 
610 2 0 |a spoločnosti akciové 
610 2 0 |a výkazy finančné 
610 2 0 |a výkazy účtovné 
610 2 0 |a politika podnikania 
610 2 0 |a audit